Detalles MARC
| 000 -CABECERA |
| campo de control de longitud fija |
01872nam a2200289 i 4500 |
| 001 - NÚMERO DE CONTROL |
| campo de control |
000026617 |
| 003 - IDENTIFICADOR DEL NÚMERO DE CONTROL |
| campo de control |
DO-SdBNP |
| 005 - FECHA Y HORA DE LA ÚLTIMA TRANSACCIÓN |
| campo de control |
20260321073641.0 |
| 007 - CAMPO FIJO DE DESCRIPCIÓN FÍSICA--INFORMACIÓN GENERAL |
| campo de control de longitud fija |
ta |
| 008 - DATOS DE LONGITUD FIJA--INFORMACIÓN GENERAL |
| campo de control de longitud fija |
110324s1965 mx 000 | spa d |
| 040 ## - FUENTE DE LA CATALOGACIÓN |
| Centro catalogador/agencia de origen |
DO-SdBNP |
| Lengua de catalogación |
spa |
| Centro/agencia transcriptor |
BNPHU |
| Normas de descripción |
rda |
| 082 #4 - NÚMERO DE LA CLASIFICACIÓN DECIMAL DEWEY |
| Número de clasificación |
320.97293 |
| Número de documento/Ítem |
B742c 1965 |
| Número de edición |
22 |
| 100 1# - ENTRADA PRINCIPAL--NOMBRE DE PERSONA |
| Nombre de persona |
Bosch, Juan, |
| Fechas asociadas al nombre |
1909-2001 |
| Término indicativo de función/relación |
autor |
| Código de función/relación |
aut. |
| 9 (RLIN) |
76555 |
| 245 10 - MENCIÓN DE TÍTULO |
| Título |
Crisis de la democracia de América en la República dominicana / |
| Mención de responsabilidad, etc. |
Juan Bosch. |
| 250 ## - MENCIÓN DE EDICIÓN |
| Mención de edición |
Tercera edición |
| 264 ## - PRODUCCIÓN, PUBLICACIÓN, DISTRIBUCIÓN, FABRICACIÓN Y COPYRIGHT |
| Producción, publicación, distribución, fabricación y copyright |
Guadalquivir, México : |
| Nombre del de productor, editor, distribuidor, fabricante |
Centro de Estudios y Documentación Sociales, |
| Fecha de producción, publicación, distribución, fabricación o copyright |
1965. |
| 300 ## - DESCRIPCIÓN FÍSICA |
| Extensión |
226 páginas ; |
| -- |
19 cm. |
| 490 1# - MENCIÓN DE SERIE |
| Mención de serie |
Estudios y documentos |
| Designación de volumen o secuencia |
14 |
| 500 ## - NOTA GENERAL |
| Nota general |
Incluye índice analítico. |
| 505 0# - NOTA DE CONTENIDO CON FORMATO |
| Nota de contenido con formato |
Introducción -- I. A la muerte del tirano -- II. El Partido Revolucionario Dominicano en la hora crítica -- III. La juventud desviada -- IV. Los patriotas y sus planes -- V. Los patriotas conquistan el poder -- VI. La composición social dominicana -- VII. La clase media en el campo político -- VIII. La lengua nueva -- IX. Política y conspiración -- X. Una escuela de política -- XI. Golpe primero elecciones después -- XII. El papel de la Iglesia en el golpe -- XIII. Comunismo y democracia -- XIV. La Alianza para el Progreso -- XV. Los hombres de la Alianza -- XVI. El CIDES, una experiencia importante -- XVII. Los conflictos con Haití -- XVIII. El papel de la corrupción en el golpe -- XIX. Trujillo, el jefe militar del golpe -- XX. Los sectores sociales en las fuerzas armadas -- XXI. Juventud y masas populares, reserva del porvenir - Índice analítico. |
| 590 ## - NOTA LOCAL (RLIN) |
| Nota local |
Inventariado, 2018/ YL |
| 651 #0 - PUNTO DE ACCESO ADICIONAL DE MATERIA--NOMBRE GEOGRÁFICO |
| Nombre geográfico |
República Dominicana |
| Subdivisión general |
Política y gobierno |
| 9 (RLIN) |
45 |
| 651 #0 - PUNTO DE ACCESO ADICIONAL DE MATERIA--NOMBRE GEOGRÁFICO |
| Nombre geográfico |
República Dominicana |
| Subdivisión general |
Política y gobierno |
| 9 (RLIN) |
45 |
| 830 #0 - PUNTO DE ACCESO ADICIONAL DE SERIE-TÍTULO UNIFORME |
| Título uniforme |
Estudios y documentos ; |
| Número de parte o sección de la obra |
14 |
| 9 (RLIN) |
53724 |
| 910 ## - DATOS DE OPCIÓN DEL USUARIO (OCLC) |
| Datos de opción del usuario |
Validado. Control de calidad MFF |
| 942 ## - ELEMENTOS DE PUNTO DE ACCESO ADICIONAL (KOHA) |
| Fuente del sistema de clasificación o colocación |
Dewey Decimal Classification |
| Tipo de ítem Koha |
Libro |